R (on the application of) Welwyn Hatfield Council v Secretary of State for Communities and Local Government and Alan Beesley (Record no. 81870)

MARC details
000 -LEADER
fixed length control field 01593cad a22002175a 4500
001 - CONTROL NUMBER
control field L148512
008 - FIXED-LENGTH DATA ELEMENTS--GENERAL INFORMATION
fixed length control field 090928e20090407xxk f v 000 0 eng d
035 ## - SYSTEM CONTROL NUMBER
System control number (Sirsi) u148512
041 0# - LANGUAGE CODE
Language code of text/sound track or separate title eng
245 00 - TITLE STATEMENT
Title R (on the application of) Welwyn Hatfield Council v Secretary of State for Communities and Local Government and Alan Beesley
Medium [electronic resource]
260 ## - PUBLICATION, DISTRIBUTION, ETC.
Date of publication, distribution, etc. 2009
520 ## - SUMMARY, ETC.
Summary, etc. [2009] EWHC 966 (Admin) (07 April 2009). The case relates to the fraudulent use of a property. An owner obtained planning permission to build what was described as a barn but which was fitted inside as a dwelling occupation. After four years of living in it, he applied for a lawful use certificate under the Town and Country Planning Act 1990 S91. An inspector decided that this certificate should be granted him. The local authority applied for review of this decision, arguing that this building was not a dwelling. "Held": application granted. The judge quashed the decision of the inspector to grant a Certificate of Lawful Existing Use or Development. Enforcement action can be taken against the dwelling.
590 ## - LOCAL NOTE (RLIN)
Local note KA
650 24 - SUBJECT ADDED ENTRY--TOPICAL TERM
Topical term or geographic name entry element R (ON THE APPLICATION OF) WELWYN HATFIELD COUNCIL V SOS FOR COMMUNITIES AND LOCAL GOVERNMENT AND ANOTHER
650 24 - SUBJECT ADDED ENTRY--TOPICAL TERM
Topical term or geographic name entry element GRENDON V FIRST SECRETARY OF STATE
650 24 - SUBJECT ADDED ENTRY--TOPICAL TERM
Topical term or geographic name entry element SAGE V SOS ENVIRONMENT AND OTHERS
651 #4 - SUBJECT ADDED ENTRY--GEOGRAPHIC NAME
Geographic name England and Wales
Chronological subdivision 1543-
690 ## - LOCAL SUBJECT ADDED ENTRY--TOPICAL TERM (OCLC, RLIN)
Topical term or geographic name as entry element PROPERTY-RESIDENTIAL PROPERTY-DOMESTIC RESIDENTIAL PROPERTY
856 40 - ELECTRONIC LOCATION AND ACCESS
Uniform Resource Identifier <a href="https://www.bailii.org/ew/cases/EWHC/Admin/2009/966.html">https://www.bailii.org/ew/cases/EWHC/Admin/2009/966.html</a>
Public note View the case free of charge at www.bailli.org...
942 ## - ADDED ENTRY ELEMENTS (KOHA)
Suppress in OPAC 0
Holdings
Withdrawn status Lost status Source of classification or shelving scheme Damaged status Not for loan Home library Current library Shelving location Date acquired Total Checkouts Full call number Barcode Date last seen Copy number Price effective from Koha item type
    Dewey Decimal Classification     Virtual Virtual Online 28/09/2009   ONLINE PUBLICATION 148512-2001 06/08/2019 1 06/08/2019 Law report